000 01085nam a2200289 i 4500
003 EG-GICUC
005 20260418161552.0
008 260418s1965 sz ad||fr|||| 001 0 ger d
040 _aEG-GiCUC
_bger
_cEG-GiCUC
_dEG-GiCUC
_eRda
041 0 _ager
082 0 4 _221
_a519.504904
_bST
092 0 4 _221
099 _aLaw1 13 519.504904 ST 1965
245 0 4 _aStatistisches Jahrbuch Der Schweiz :
_bHerausgegeben Vom Eidgenössischen Statistischen Amt 1965 .
246 1 _aPublié Par Le Bureau Fédéral De Statistique :
_bAnnuaire Statistique De La Suisse.
264 1 _aBåle :
_bBirkhäuser Verlag Basel Editions Birkhäuser Båle,
_c1965.
300 _a650 pages :
_billustrations,
_c24 cm.
336 _2rda contenu
_a texte
337 _2rda medias
_aOrdinateur
338 _2 transporteur rda
_a Ressource en ligne
504 _aIncludes bibliographical references and index.
546 _aText in English
650 1 4 _2Public finance and tax legislation
856 4 0 _uhttps://fll.law.cu.edu.eg/fulltext/bks/B13-10830.pdf
905 _a48
942 _2ddc
_cBK
_e21
_n0
999 _c71674
_d71674